00796nam a22002057a 450000500170000001000150001702000260003203500140005803700140007208200100008610000180009624501380011426000430025227000660029530000280036150000350038994200240042499900190044895201230046720180726102553.0 aENG-123601 a9788172867553c140.00 aEN-107133 bDBAD/PUB. a174.4 aSarma, A.R.K. aPay for excellence and get success, wealth and fame all free of cost !!!: /cby A.R.K. Sarmab(based on sami vivekananda's message) / aBengalurubPrism Books Pvt. Ltd.c2012 a#1865, 32nd Cross, 10th Main, BSK II StatebBengalurue110002 a180p. c21cm(pbk)bill. aIt includes Prism Publications 2ddccENh174.4mSAR c154846d154846 001040718NFICaDBADbBL1d2018-07-26eDBAD/PUBg140.00l0o174.4 SARpEN-107133r2018-07-26 00:00:00t1v140.00yEN